Normal view MARC view

Entry Topical Term

Number of records used in: 1

001 - CONTROL NUMBER

  • control field: 73650

003 - CONTROL NUMBER IDENTIFIER

  • control field: dpl

005 - DATE AND TIME OF LATEST TRANSACTION

  • control field: 20241029145615.0

008 - FIXED-LENGTH DATA ELEMENTS

  • fixed length control field: 241029|| aca||aabn | a|a d

040 ## - CATALOGING SOURCE

  • Original cataloging agency: dpl
  • Transcribing agency: dpl

150 ## - HEADING--TOPICAL TERM

  • Topical term or geographic name as entry element: लघु कथा, हिन्दी

670 ## - SOURCE DATA FOUND

  • Source citation: Work cat.: (dpl)205631: कौशिक, शील 73649, किटकिट गिलहरी ने पहना चश्माः, 2022

© Delhi Public Library
Hit Counter
free hit counter